000
00277nam a2200109Ia 4500
008
180321s9999 xx 000 0 und d
082
_a
333.30954 RDI
245
_a
Securing land rights for the world's poor
260
_a
USA
_b
RDI
300
_a
32
650
_a
Land rights - poor
999
_c
110800
_d
110800